Tablas de vida de Costa Rica, 1949-1951

Tallennettuna:
Bibliografiset tiedot
Yhteisötekijä: Costa Rica. Ministerio de Economía, Industria y Comercio. Dirección General de Estadística y Censos
Aineistotyyppi: Teksti
Julkaistu: San José: DGEC. Sección de Publicaciones
Tagit: Lisää tagi
Ei tageja, Lisää ensimmäinen tagi!

MARC

LEADER 00000 a a2200000 04500
001 17476
003
040
090 |a 029400  
110 |a Costa Rica. Ministerio de Economía, Industria y Comercio. Dirección General de Estadística y Censos  
245 |a Tablas de vida de Costa Rica, 1949-1951  
260 |a San José:   |b DGEC. Sección de Publicaciones  
300 |a 33 p  
999 |c 15283  |d 15283